Geography Series #17 - Statistics

General Stats
  • This quiz has been taken 38 times
  • The average score is 13 of 14
Answer Stats
Countries in Oceania % Correct
Australia
100%
New Zealand
100%
Fiji
95%
Marshall Islands
95%
Vanuatu
95%
Samoa
92%
Tonga
92%
Tuvalu
92%
Kiribati
89%
Nauru
89%
Solomon Islands
89%
Papua New Guinea
86%
Palau
84%
Micronesia
76%
No matching quizzes found
Score Distribution
Percent of People with Each Score
Percentile by Number Answered
Your Score History
You have not taken this quiz